000 00691nam a2200229Ia 4500
001 219
005 20251203123019.0
008 251203t1996||||xx |||||||||||||| ||spa||
020 _a9586420450
041 _aESP
082 _aRDE 036
_bP87
110 _aENCAS
245 0 _aPrograma 5. Diccionario enciclopédico :
_bTomos 1-5
260 _aSantafé de Bogotá :
_bEncas,
_c1996
300 _a1388 páginas :
_b ilustraciones, mapas ;
_c 26 cm.
_e
440 _a
_n
_v
505 _aContiene: Tomo 1: A CES; Tomo 2: CHA-FLO; Tomo 3: FOC-MEZ; Tomo 4: MID-RET; Tomo 5: REV-ZWO
650 _aGEN
653 _aObras enciclopédicas en Español
654 _aCTP
942 _cDIC
_dJUS
_fTRC
_2ddc
_n
999 _c219
_d219